| 000 | 00000nas 2200000za 4500 |
| 001 | 9.850554 |
| 003 | CaOODSP |
| 005 | 20221107154158 |
| 007 | cr ||||||||||| |
| 008 | 180123d19991999quc x p oss f0###a0eng|d |
| 022 | # |a1713-1928 |
| 040 | |aCaOODSP|beng |
| 043 | |an-cn-qu |
| 086 | 1 |aR32-197E-PDF|zR32-197/1998E |
| 130 | 0 |aQuebec Indian communities guide (Online) |
| 210 | 0 |aQue. Indian communities guide |b(Online) |
| 222 | 0|aQuebec Indian communities guide |b(Online) |
| 245 | 10|aQuebec Indian communities guide |h[electronic resource]. |
| 260 | |a[Quebec] : |bIndian and Northern Affairs Canada, Quebec Region, |c1999. |
| 310 | |aIrregular |
| 362 | 1 |aElectronic coverage as of July 29, 2004: 1999. |
| 500 | |aDigitized edition from print [produced by Indigenous and Northern Affairs Canada]. |
| 500 | |aIssued also in French under title : Guide des collectivités indiennes du Québec. |
| 530 | |aAlso issued in print. |
| 692 | 07|2gccst|aAboriginal reserves |
| 692 | 07|2gccst|aCommunity development |
| 692 | 07|2gccst|aSelf government |
| 710 | 1 |aCanada.|bIndian and Northern Affairs Canada. |bQuebec Region. |
| 775 | 08|tGuide des collectivités indiennes du Québec |w(CaOODSP)9.850557 |
| 780 | 00|tQuebec Indian community guide |w(CaOODSP)9.848344 |
| 785 | 00|tQuebec Indian and Inuit communities guide |w(CaOODSP)9.850561 |